000 00597nam a2200181 a 4500
001 000026875
005 20200930030449.0
008 110328s2001 dr 000 0 spa d
040 _aDO-SdBNP
_bspa
_cBNPHU
082 _axxxx
_bA465f
100 1 _aAltagracia Paniagua, Alejandro Darío
_953986
245 1 0 _aFábrica de fantasmas /
_cAlejandro Darío Altagracia Paniagua ; prólogo David Morales Schwarz.
260 _aSanto Domingo :
_b[s.n.],
_c2001.
300 _a287 p. ;
_c21 cm.
504 _aBibliografía : p. 284-287
700 1 _aMorales Schwarz, David,
_epról.
_953987
049 _aBNPD
999 _c26367
_d26367